Discrete-time signals and systems (Record no. 8258)

000 -LEADER
fixed length control field 00445 a2200157 4500
020 ## - INTERNATIONAL STANDARD BOOK NUMBER
International Standard Book Number 0835913759
040 ## - CATALOGING SOURCE
Original cataloging agency DLC
082 00 - DEWEY DECIMAL CLASSIFICATION NUMBER
Classification number 621.38223
100 1# - MAIN ENTRY--PERSONAL NAME
Personal name Ahmed, N. U.
245 10 - TITLE STATEMENT
Title Discrete-time signals and systems
Statement of responsibility, etc. Nasir Ahmed, T. Natarajan.
260 ## - PUBLICATION, DISTRIBUTION, ETC.
Place of publication, distribution, etc. Reston, Va. :
Name of publisher, distributor, etc. Reston Pub. Co.,
Date of publication, distribution, etc. c1983.
300 ## - PHYSICAL DESCRIPTION
Extent xiii, 398 p. :
Other physical details ill. ;
Dimensions 24 cm.
650 #0 - SUBJECT ADDED ENTRY--TOPICAL TERM
Topical term or geographic name entry element Discrete-time systems.
700 1# - ADDED ENTRY--PERSONAL NAME
Personal name Natarajan, T.
942 ## - ADDED ENTRY ELEMENTS (KOHA)
Koha item type Book
Call number prefix 621.38223 NAS
Source of classification or shelving scheme
Holdings
Withdrawn status Lost status Damaged status Not for loan Collection code Permanent Location Current Location Shelving location Date acquired Total Checkouts Full call number Barcode Date last seen Price effective from Koha item type
          Central Library (CL) Central Library (CL) General Stacks 05/31/2014   621.38223 NAS SEECSD00216 11/14/2012 01/05/2017 Book
© 2023 Central Library, National University of Sciences and Technology. All Rights Reserved.